La brecha digital: género y juegos de ordenador.

Сохранить в:
Библиографические подробности
Главный автор: Escofer Roig, Anna (autor)
Другие авторы: Rubio Hurtado, María José (autor) (autor)
Формат:
Язык:испанский
Предметы:
Online-ссылка:Ver documento en línea
Метки: Добавить метку
Нет меток, Требуется 1-ая метка записи!

MARC

LEADER 00000nam^a2200000^u^4500
001 000523273
005 20260512000000.0
008 120830s1000^^^^^^^^^^^^r^^^^^000^0^spa^d
009 20260512123722.933
035 |a FCE 000067515 
037 |a Acervo ITESO - Biblioteca 
041 |a spa 
095 |a 510 
100 |a Escofer Roig, Anna  |e (autor) 
245 1 0 |a La brecha digital:  |b género y juegos de ordenador. 
264 |a España:  |b REICE,  |c 2007. 
300 |a pp. 63-77. 
336 |a texto  |b txt  |2 rdacontenido 
337 |a sin mediación  |b n  |2 rdamedio 
338 |a volumen  |b nc  |2 rdasoporte 
649 |a XX 
650 |a Género 
650 |a Videojuegos 
650 |a Brecha digital 
740 |g Vol. 5, No. 1, 2007.  |t REICE - Revista Electrónica Iberoamericana sobre Calidad, Eficacia y Cambio en Educación, 
700 |a Rubio Hurtado, María José  |e (autor) 
856 4 0 |u https://www.rinace.net/arts/vol5num1/art4.pdf  |y Ver documento en línea 
910 |a Fondo Centro de Estudios Educativos 
920 |a Impresos - Libros 
930 |a Fondos Especiales 
905 |a 133 
902 |a https://opac.biblio.iteso.mx/vufind/Record/000523273